Statistics for Top Five Countries By Category #4

Click here to take the quiz!

General Stats

  • This quiz has been taken 52,212 times
    (18,495 since last reset)
  • The average score is 38 of 56

Answer Stats

Country% Correct
United States
99%
Russia
98%
Canada
97%
Australia
96%
France
96%
China
96%
Norway
96%
New Zealand
95%
Argentina
92%
Brazil
92%
Chile
91%
United Kingdom
91%
Germany
91%
South Africa
91%
Japan
91%
Italy
90%
Finland
89%
Spain
88%
D.R. Congo
84%
Niger
78%
India
78%
Saudi Arabia
76%
Switzerland
76%
Indonesia
76%
Egypt
73%
Algeria
72%
Chad
70%
Mongolia
67%
Monaco
64%
Austria
64%
Libya
63%
Kenya
62%
Belgium
61%
Somalia
57%
Colombia
55%
Namibia
54%
Qatar
54%
Nauru
53%
South Sudan
53%
Oman
52%
Botswana
52%
Central African Republic
52%
Lesotho
51%
Tuvalu
50%
Palau
49%
Tonga
49%
Eswatini
47%
Bangladesh
45%
Vietnam
43%
San Marino
42%
Mauritania
41%
Marshall Islands
40%
Cambodia
35%
Uruguay
33%
East Timor
15%
Turkmenistan
13%

Score Distribution

Percentile by Number Answered

Percent of People with Each Score

Your Score History

You have not taken this quiz since the last reset